| 000 | 00970nam a22002891a 4500 | ||
|---|---|---|---|
| 001 | 26953 | ||
| 003 | BD-RjUL | ||
| 005 | 20211209051106.0 | ||
| 008 | 140324s1989 ii ab b 001 0 eng d | ||
| 020 | _a8122900194 | ||
| 020 | _a8122900208 (pbk) | ||
| 035 | _a(BD-RjUL)27024 | ||
| 040 |
_aLC _beng _cLC _dNNCU:A _d8122900 |
||
| 041 | _aeng | ||
| 082 | 0 | 0 |
_a956 _bYAN 1989 |
| 100 | 1 |
_aYale, William. _970731 |
|
| 245 | 1 | 4 |
_aThe Near East : _ba modern history / _cWilliam Yale. |
| 260 |
_aDelhi : _bSurjeet Publications, _c1989. |
||
| 300 |
_ax, 485, xix p. : _bmaps., diagrs. _c22 cm. |
||
| 490 | 1 | _aThe University of Michigan history of the modern world | |
| 504 | _aBibliographical references included in "Notes" (p. [467]-481) Bibliography: p. [483]-485. and index. | ||
| 651 | 0 |
_aMiddle East _xHistory _y1517- _982831 |
|
| 830 | 4 |
_aThe University of Michigan history of the modern world. _978414 |
|
| 942 |
_2ddc _cBK |
||
| 999 |
_c26953 _d26953 |
||